Szczegóły MARC21

Monopoly, money, and you : how to profit from the game's secrets of success /

003 -Nazwa inst., której nr kontr. jest w polu 001 [,]
    • @
    • Nazwa instytucji, której n kontrolny jest w polu 001
    • NUKAT
005 -DATA I CZAS OSTATNIEJ MODYFIKACJI [,]
    • @
    • pole kontrolne
    • 20241231103915.0
020 -Międzynarod. znormalizowany nr książki - ISBN [ , ]
    • a
    • Numer ISBN
    • 9780071808439 Find
    • q
    • Dopowiedzenie
    • alk. paper
020 -Międzynarod. znormalizowany nr książki - ISBN [ , ]
    • a
    • Numer ISBN
    • 0071808434 Find
    • q
    • Dopowiedzenie
    • alk. paper
020 -Międzynarod. znormalizowany nr książki - ISBN [ , ]
    • a
    • Numer ISBN
    • 9780071808446 Find
    • q
    • Dopowiedzenie
    • e-ISBN
020 -Międzynarod. znormalizowany nr książki - ISBN [ , ]
    • a
    • Numer ISBN
    • 0071808442 Find
    • q
    • Dopowiedzenie
    • e-MHID
040 -Instytucja sporządzająca opis [ , ]
    • a
    • Instytucja, która sporządziła opis (NP)
    • SZCZ U/JS
    • c
    • Instytucja, która sporządziła rekord (NP)
    • SZCZ U/JS
    • d
    • Instytucja, która zmodyfikowała rekord (P)
    • SZCZ U/MSZ
942 -Rodzaj dokumentu [ , ]
    • c
    • Rodzaj dokumentu
    • Książka
100 -Hasło główne - nazwa osobowa [1, ]
    • a
    • Nazwa osobowa (NP)
    • Orbanes, Philip E.
    • 9
    • KHW
    • 83787
245 -Strefa tytułu i oznaczenia odpowiedzialności [1,0]
    • a
    • Tytuł
    • Monopoly, money, and you : Find
    • b
    • Ciąg dalszy tytułu (NP)
    • how to profit from the game's secrets of success / Find
    • c
    • Pozostałe elementy strefy tytułu i oznaczenia odpowiedzialności (NP)
    • Philip E. Orbanes.
260 -Strefa adresu wydawniczego [ , ]
    • a
    • Miejsce wydania (P)
    • New York [etc.] :
    • b
    • Nazwa wydawcy (P)
    • McGraw-Hill Education,
    • c
    • Data wydania (P)
    • cop. 2013.
300 -Strefa opisu fizycznego [ , ]
    • a
    • Określenie formy książki i/lub objętość (NP)
    • XVI, 269 s. :
    • b
    • Oznaczenie ilustracji (NP)
    • il. ;
    • c
    • Format (NP)
    • 23 cm.
336 -Typ zawartości [ , ]
    • a
    • Termin opisujący typ zawartości
    • Tekst
    • b
    • Kod określający zawartość
    • txt
    • 2
    • Źródło (terminu i kodu)
    • rdacontent
337 -Typ mediów [ , ]
    • a
    • Tryb odtwarzania
    • Bez urządzenia pośredniczącego
    • b
    • Kod typu mediów
    • n
    • 2
    • Źródło (terminu i kodu)
    • rdamedia
338 -Typ/rodzaj nośnika [ , ]
    • a
    • Hasło opisujące typ nośnika
    • Wolumin
    • b
    • Kod typu nośnika
    • nc
    • 2
    • Źródło (terminu i kodu)
    • rdacarrier
500 -Uwaga ogólna [ , ]
    • a
    • Uwaga ogólna (NP)
    • Na okł.: Winning tips on cash management, diversification, and negotiation.
504 -Uwaga dot. bibliogr. załącznikowej [ , ]
    • a
    • Uwaga dot. bibliografii załącznikowej
    • Bibliogr. s. 257. Indeks.
080 -Uniwersalna Klasyfikacja Dziesiętna [ , ]
    • 2
    • Identyfikator wydania tablic
    • UDC-P058
    • 9
    • UKD
    • 2985
    • a
    • Symbol klasyfikacji
    • 330.567.2
    • b
    • Dopowiedzenie
    • Wydatki. Konsumpcja. Spożycie. Oszczędności. Ekonomika gospodarstwa domowego.
    • 4
    • UKD2
    • 7644
    • x
    • Poddział wspólny
    • =111
    • c
    • Dopowiedzenie poddz. wspólnego
    • =Język angielski.
080 -Uniwersalna Klasyfikacja Dziesiętna [ , ]
    • 2
    • Identyfikator wydania tablic
    • UDC-P058
    • 9
    • UKD
    • 6269
    • a
    • Symbol klasyfikacji
    • 794
    • b
    • Dopowiedzenie
    • Gry towarzyskie stołowe. Gry planszowe. Warcaby. Domino. Układanki. Gry dziecięce.
    • 4
    • UKD2
    • 7644
    • x
    • Poddział wspólny
    • =111
    • c
    • Dopowiedzenie poddz. wspólnego
    • =Język angielski.
980 -Symbol UKD [ , ]
    • a
    • UKD
    • 330.567.2:794]=111
710 -Hasło dodatkowe - nazwa ciała zbiorowego [2, ]
    • a
    • Nazwa ciała zbiorowego lub nazwa geograficzna jako pierwszy element (NP)
    • McGraw-Hill Education.
    • 4
    • Kod relacji
    • pbl
    • 9
    • KHW
    • 68864
920 -ISBN [ , ]
    • a
    • ISBN
    • 978-0-07-180843-9 Find
    • q
    • Dopowiedzenie
    • alk. paper
920 -ISBN [ , ]
    • a
    • ISBN
    • 0-07-180843-4 Find
    • q
    • Dopowiedzenie
    • alk. paper
920 -ISBN [ , ]
    • a
    • ISBN
    • 978-0-07-180844-6 Find
    • q
    • Dopowiedzenie
    • e-ISBN
920 -ISBN [ , ]
    • a
    • ISBN
    • 0-07-180844-2 Find
    • q
    • Dopowiedzenie
    • e-MHID
Status udost. Numer inwentarzowy Sygnatura Data inwentaryzacji Lokalizacja
-2T.17219T.172192014-06-06T